000 01348nam a2200349 a 4500
001 000004968
005 20260408202951.0
008 090728s2007 sp abd 001 0 spa d
020 _a9788496515383
040 _aDO-SdBNP
_bspa
_cBNPHU
082 _a306.85
_bC758f
245 0 3 _aLa constitución familiar en España /
_cClara Cortina Trilla ... [et al.] ; dirigido por Anna Cabré Pla ; coordinado por Pau Miret Gamundi.
260 _aBilbao, España :
_bFundación BBVA,
_c2007.
300 _a367 p. :
_bil., gráfcs., mapas ;
_c24 cm.
504 _aIncluye bibliografía y notas al pie de páginas.
504 _aIncluye bibliografía y notas al final de cada capítulo.
650 0 _aFamilias
_9795
650 0 _aRelaciones familiares
_9801
650 0 _aPolítica familiar
_913545
700 1 _aCortina Trilla, Clara
_914340
700 1 _aDevolder, Daniel
_914341
700 1 _aEsteve Palós, Albert
_914342
700 1 _aLópez Colás, Julián
_914343
700 1 _aMenacho Montes, Teresa
_914344
700 1 _aMerino Tejada, Marta
_914345
700 1 _aMódenes Cabrerizo, Juan Antonio
_914346
700 1 _aSimó Noguera, Carles X.
_914347
700 1 _aSolsona Pairó, Monserrat
_914348
700 1 _aCabré Pla, Anna,
_edir.
_914349
700 1 _aMiret Gamundi, Pau,
_ecoord.
_914350
910 _aValidado. Control de calidad EMS
999 _c4774
_d4774